000 01075nam a22003497a 4500
003 CHAP
005 20220817042546.0
008 971013s1980 r 00010 d
010 _a48088
011 _a49060
035 _a53208
040 _cCHAP
082 _a636.5089
_bF36
110 _aFAO
245 _aVacunas contra la enfermedad de Newcastle
_b: su producción y empleo
260 _aRoma :
_bFAO,
_c1980
300 _a178 p.
_b: ilus. ; gráfs.
590 _aBATCH-UPD
_b10
_c20130109
_lUCH01
_h2354
590 _aBATCH-UPD
_b10
_c20130110
_lUCH01
_h1404
590 _aBATCH-UPD
_b10
_c20130410
_lUCH01
_h0854
590 _aBATCH-UPD
_b10
_c20130914
_lUCH01
_h0445
590 _aCONVERSION
_b10
_c20130109
_lUCH01
_h1326
650 1 4 _aAves de corral
_xEnfermedades.
_98646
650 1 4 _aEnfermedad de Newcastle.
_936929
650 1 4 _aVacunas.
_9117179
700 0 _aAllan, W. H.
_94365
700 0 _aLancaster, J. E.
_964622
700 0 _aTóth, B.
_9113895
901 _aBK
942 _cLIBRO
949 _a636.5089 F36
_bBC
_cFAO
_d-118132
_eFAO1
_h52861
_i53208
_mD
_si
999 _c48088
_d48088